Lag-cabin to whote House (Record no. 949633)

MARC details
000 -LEADER
fixed length control field 00349nam a2200133Ia 4500
008 - FIXED-LENGTH DATA ELEMENTS--GENERAL INFORMATION
fixed length control field 151001s9999||||xx |||||||||||||| ||und||
100 ## - MAIN ENTRY--PERSONAL NAME
Personal name W M. Thayer
245 ## - TITLE STATEMENT
Title Lag-cabin to whote House
250 ## - EDITION STATEMENT
Edition statement -
260 ## - PUBLICATION, DISTRIBUTION, ETC. (IMPRINT)
Name of publisher, distributor, etc F.L.B. House
260 ## - PUBLICATION, DISTRIBUTION, ETC. (IMPRINT)
Date of publication, distribution, etc 1937
300 ## - PHYSICAL DESCRIPTION
Extent 189
365 ## - TRADE PRICE
Price amount 7

No items available.